[Event "AUTO-ADV-1824"]
[Site "http://www.queenalice.com/game.php?id=800074"]
[Date "2010.7.7"]
[Round "1"]
[White "FOS2006"]
[Black "boromir"]
[Result "0-1"]
[WhiteElo "1830"]
[BlackElo "1831"]

1. e4 e5 2. Nf3 d6 3. c3 Nf6 4. Be2 Nxe4 5. Qa4+ Nd7 6. Qxe4 a6 7. O-O Nf6 8.
Qa4+ Bd7 9. Qc2 Be7 10. d3 O-O 11. Bg5 Ne8 12. Bxe7 Qxe7 13. Re1 Qe6 14. d4 Nf6
15. dxe5 dxe5 16. Na3 Ne8 17. Bc4 Qh6 18. Nxe5 Be6 19. Bxe6 Qxe6 20. Nf3 Qb6 21.
Ng5 Nf6 22. Nc4 Qb5 23. Ne5 Rae8 24. Ngf3 h6 25. c4 Qc5 26. Nd3 Qf5 27. Rxe8
Rxe8 28. Re1 Rd8 29. Re3 Ng4 30. Nh4 Qh5 31. Rh3 Qa5 32. a3 Ne5 33. b4 Qxa3 34.
Nxe5 Qa1+ 35. Qc1 Qxc1# 0-1

[Event "AUTO-ADV-1824"]
[Site "http://www.queenalice.com/game.php?id=800075"]
[Date "2010.7.7"]
[Round "1"]
[White "boromir"]
[Black "sandromm"]
[Result "0-1"]
[WhiteElo "1846"]
[BlackElo "1751"]

1. e4 c5 2. Bb5 a6 3. Ba4 b5 4. Bb3 c4 5. Bxc4 bxc4 6. Na3 d5 7. Qe2 e6 8. Qg4
Nf6 9. Qe2 Nxe4 10. Nb1 Bc5 11. Nh3 e5 12. f3 Nf6 13. Nf2 O-O 14. O-O Nbd7 15.
d3 cxd3 16. cxd3 Qb6 17. a3 a5 18. Nc3 Ba6 19. Na4 Qb3 20. Nxc5 Nxc5 21. Rd1
Rae8 22. Qe3 d4 23. Qe2 Nd5 24. g3 h6 25. Qe4 Nf6 26. Qe2 Re6 27. Ne4 Nxd3 28.
a4 Nxe4 29. fxe4 Nc5 30. Qg4 Rg6 0-1

[Event "AUTO-ADV-1824"]
[Site "http://www.queenalice.com/game.php?id=800076"]
[Date "2010.7.7"]
[Round "1"]
[White "sandromm"]
[Black "boromir"]
[Result "0-1"]
[WhiteElo "1771"]
[BlackElo "1826"]

1. e4 e5 2. Nf3 d6 3. Bc4 Bg4 4. h3 Bxf3 5. Qxf3 Nf6 6. O-O Nc6 7. c3 g6 8. d3
Bg7 9. Bg5 O-O 10. Nd2 Qe7 11. Qd1 a6 12. Nf3 Rab8 13. Bd5 Nd8 14. Qb3 c6 15.
Bxf6 Qxf6 16. Bxc6 Nxc6 17. c4 Ne7 18. Rad1 Nc6 19. Qb6 Rfc8 20. c5 dxc5 21.
Qxc5 Nd4 22. Qd5 Nxf3+ 23. gxf3 Qxf3 24. b3 Qxh3 25. f3 Bh6 26. Qxe5 Be3+ 27.
Rf2 Rc2 28. Qxb8+ Kg7 29. Qe5+ Kh6 30. Rf1 Bxf2+ 31. Rxf2 Rc1+ 32. Rf1 Rxf1# 0-1

[Event "AUTO-ADV-1722"]
[Site "http://www.queenalice.com/game.php?id=804336"]
[Date "2010.7.16"]
[Round "2"]
[White "boromir"]
[Black "gardez2005"]
[Result "0-1"]
[WhiteElo "1864"]
[BlackElo "2089"]

1. e4 c6 2. d3 d5 3. Nc3 dxe4 4. Nxe4 g6 5. c3 Bg7 6. d4 Nf6 7. Nc5 O-O 8. h3 b6
9. Qf3 bxc5 10. Qxc6 Nxc6 0-1

[Event "AUTO-ADV-1722"]
[Site "http://www.queenalice.com/game.php?id=804337"]
[Date "2010.7.16"]
[Round "2"]
[White "gardez2005"]
[Black "boromir"]
[Result "1-0"]
[WhiteElo "2113"]
[BlackElo "1852"]

1. e4 e5 2. Nf3 Nf6 3. Nxe5 Qe7 4. Nf3 Qxe4+ 5. Be2 g6 6. Nc3 Qg4 7. O-O Bg7 8.
Ne5 Qe6 9. Bc4 Qxe5 10. Re1 Ng4 11. Rxe5+ Nxe5 12. Bb3 O-O 13. Nd5 Na6 14. d4
Nc6 15. c3 d6 16. Be3 Bd7 17. Qd2 Rae8 18. Bh6 Bxh6 19. Qxh6 Re6 20. Qh4 Rfe8
21. Nf6+ Rxf6 22. Qxf6 Re2 23. Qxf7+ 1-0

[Event "AUTO-ADV-1722"]
[Site "http://www.queenalice.com/game.php?id=804338"]
[Date "2010.7.16"]
[Round "2"]
[White "boromir"]
[Black "Janivgm"]
[Result "0-1"]
[WhiteElo "1857"]
[BlackElo "1778"]

1. e4 e5 2. Nf3 Nc6 3. Bb5 d6 4. Bxc6+ bxc6 5. Qe2 Nf6 6. Qc4 c5 7. Ng5 Qe7 8.
d3 h6 9. Nf3 Be6 10. Qb5+ Qd7 11. Qb7 Qd8 12. Qb5+ Bd7 13. Qc4 Qb8 14. O-O Qb4
15. Qxb4 cxb4 16. Bd2 c5 17. Be3 Be7 18. c3 bxc3 19. Nxc3 O-O 20. a3 a6 21. b4
cxb4 22. axb4 Bb5 23. Rfd1 Rfc8 24. Ne2 Rc2 25. Kf1 Nxe4 26. Rac1 Rxc1 27. Bxc1
Nf6 28. Ne1 d5 29. Nc2 Ba4 30. Rd2 Bxc2 31. Rxc2 Bxb4 32. Rc7 Ng4 33. Kg1 e4 34.
dxe4 dxe4 35. Rc4 a5 36. Rxe4 Nf6 37. Rg4 Nxg4 38. h3 Nf6 0-1

[Event "AUTO-ADV-1722"]
[Site "http://www.queenalice.com/game.php?id=804339"]
[Date "2010.7.16"]
[Round "2"]
[White "Janivgm"]
[Black "boromir"]
[Result "0-1"]
[WhiteElo "1797"]
[BlackElo "1838"]

1. e4 e5 2. Nf3 d6 3. Nc3 d5 4. exd5 Bb4 5. a3 Bxc3 6. bxc3 Qxd5 7. c4 Qd6 8. d3
Bg4 9. h3 Bxf3 10. Qxf3 c6 11. Bb2 Nd7 12. O-O-O c5 13. Re1 Rb8 14. Qg3 f6 15.
Qxg7 Qf8 16. Qxh8 Qh6+ 17. Kb1 Kf7 18. Bc1 Qg6 19. d4 Ne7 20. Bd3 f5 21. Bxf5
Nxf5 22. Qxb8 Nxb8 23. Rxe5 cxd4 24. g4 Nh4 25. f4 Nc6 26. Rb5 b6 27. f5 Qd6 28.
Bb2 Qf4 29. c5 Qe4 30. Rc1 d3 31. Bc3 Nd4 32. Bxd4 Qxd4 33. cxb6 axb6 34. c3 Qe3
35. Rd5 Qe4 36. c4 d2+ 37. Rc2 Qe1+ 38. Kb2 d1=Q 39. Rxd1 Qxd1 40. c5 Qd4+ 41.
Kb3 bxc5 42. Rc4 Qd5 43. a4 Nf3 44. Kc3 Qd2+ 45. Kb3 Qd3+ 46. Rc3 Nd4+ 47. Kb2
Qd2+ 0-1

[Event "AUTO-ADV-1840"]
[Site "http://www.queenalice.com/game.php?id=806729"]
[Date "2010.7.22"]
[Round "1"]
[White "Spessatto"]
[Black "boromir"]
[Result "1-0"]
[WhiteElo "1963"]
[BlackElo "1781"]

1. d4 d5 2. Nf3 Bg4 3. Bf4 Bxf3 4. exf3 e6 5. Bg3 Bd6 6. f4 Qf6 7. Qd2 a6 8. Bd3
Nc6 9. c3 Nh6 10. h3 b5 11. O-O O-O 12. Qe3 Rae8 13. Nd2 Na5 14. b3 Nb7 15. Nf3
c5 16. Ne5 cxd4 17. cxd4 Qe7 18. Bc2 Rc8 19. Rac1 Ba3 20. Qd3 g6 21. Rb1 Nf5 22.
Qe2 Nxd4 23. Qd3 Nf5 24. Qd2 Nxg3 25. fxg3 Bb4 26. Qe2 Bc3 27. Ng4 d4 28. Qd3
Qc5 29. Ne5 Rfd8 30. h4 Nd6 31. h5 Nf5 32. hxg6 hxg6 33. Kf2 Kf8 34. Rh1 Ke7 35.
Rh7 Rf8 36. Nxg6+ Kf6 37. Nxf8 Rxf8 38. Rbh1 Rg8 39. R1h3 Ne3 40. Bb1 Nf5 41. g4
Rxg4 42. Kf3 Rg8 43. g4 1-0

[Event "AUTO-ADV-1840"]
[Site "http://www.queenalice.com/game.php?id=806730"]
[Date "2010.7.22"]
[Round "1"]
[White "boromir"]
[Black "Spessatto"]
[Result "0-1"]
[WhiteElo "1791"]
[BlackElo "1953"]

1. e4 e5 2. Nf3 Nc6 3. h3 Bc5 4. Bc4 h6 5. Bb5 Nge7 6. O-O a6 7. Bxc6 Nxc6 8.
Nc3 d6 9. d3 O-O 10. Bd2 Nd4 11. Nd5 c6 12. Nc3 Qf6 13. Nxd4 Bxd4 14. b3 Qg6 15.
Qf3 b5 16. Rab1 Be6 17. Ne2 Bb6 18. Ng3 d5 19. Rbe1 Rad8 20. Bb4 Rfe8 21. Bd2
dxe4 22. Nxe4 Bd5 23. Re2 f5 24. Qg3 Qxg3 25. Nxg3 Bc7 26. Nxf5 Re6 27. Bb4 Bb6
28. d4 a5 29. Bd2 Rf8 30. g4 Kh7 31. c3 h5 32. Kh2 Bc7 33. f4 exd4 34. Rxe6 Bxe6
35. Ne7 g5 36. gxh5 gxf4 37. Kg2 Rf7 38. Nxc6 Bd5+ 39. Kf2 Bxc6 40. cxd4 Rf5 41.
Ke1 f3 42. h4 b4 43. Rg1 f2+ 0-1

[Event "AUTO-ADV-1840"]
[Site "http://www.queenalice.com/game.php?id=806747"]
[Date "2010.7.22"]
[Round "1"]
[White "boromir"]
[Black "josealexandreschultz"]
[Result "0-1"]
[WhiteElo "1868"]
[BlackElo "1751"]

1. e4 e5 2. Nf3 d6 3. h3 Nc6 4. Bb5 Bd7 5. Bxc6 Bxc6 6. d3 Nf6 7. Nc3 Be7 8. O-O
O-O 9. Qe2 Bd7 10. Nh2 c6 11. Qf3 h6 12. Qg3 Nh5 13. Qf3 Bg5 14. Qxh5 Bxc1 15.
Raxc1 Kh7 16. Qf3 g6 17. Ng4 Bxg4 18. Qxg4 f5 19. exf5 Rxf5 20. Ne4 h5 21. Qg3
d5 22. Nc5 Qe7 23. Nb3 Re8 24. Rce1 Kh6 25. Qe3+ Kh7 0-1

[Event "AUTO-ADV-1840"]
[Site "http://www.queenalice.com/game.php?id=806748"]
[Date "2010.7.22"]
[Round "1"]
[White "josealexandreschultz"]
[Black "boromir"]
[Result "1-0"]
[WhiteElo "1772"]
[BlackElo "1847"]

1. e4 e5 2. Nf3 d6 3. Bb5+ Bd7 4. Bxd7+ Qxd7 5. O-O Nf6 6. Nc3 g6 7. d4 Nc6 8.
d5 Nb4 9. a3 Na6 10. Bg5 Nh5 11. Ne2 Qa4 12. Nc3 Qd7 13. h3 Nc5 14. Qe2 a6 15.
Rad1 Be7 16. Bxe7 Qxe7 17. Rfe1 Nf6 18. b4 Ncd7 19. Nb1 Nh5 20. c4 Nf4 21. Qe3
O-O 22. Nbd2 c5 23. bxc5 Nxc5 24. Nb3 Na4 25. Rd2 1-0

[Event "AUTO-ADV-1840"]
[Site "http://www.queenalice.com/game.php?id=806749"]
[Date "2010.7.22"]
[Round "1"]
[White "boromir"]
[Black "alidivetro"]
[Result "0-1"]
[WhiteElo "1809"]
[BlackElo "1766"]

1. e4 c5 2. d3 h6 3. Nf3 d6 4. h3 Nf6 5. Be3 Qb6 6. b3 Nbd7 7. Nc3 e6 8. Be2 Qb4
9. Bd2 Qb6 10. O-O Be7 11. Be3 Qb4 12. Bd2 Qb6 13. Na4 Qc6 14. Bc3 b5 15. Nb2 b4
16. Bd2 O-O 17. Nc4 a5 0-1

[Event "AUTO-ADV-1840"]
[Site "http://www.queenalice.com/game.php?id=806750"]
[Date "2010.7.22"]
[Round "1"]
[White "alidivetro"]
[Black "boromir"]
[Result "1-0"]
[WhiteElo "1747"]
[BlackElo "1828"]

1. e4 e5 2. Nf3 d6 3. d4 Bg4 4. dxe5 Bxf3 5. Qxf3 dxe5 6. Bb5+ c6 7. Bc4 Nf6 8.
Bg5 Nbd7 9. Nc3 Qb6 10. Bb3 Be7 11. O-O O-O 12. Rad1 Rad8 13. Rd2 Bb4 14. Rfd1
Be7 15. Be3 Qc7 16. a4 Bb4 17. Rd3 Bxc3 18. Rxc3 1-0

[Event "AUTO-ADV-1871"]
[Site "http://www.queenalice.com/game.php?id=820083"]
[Date "2010.8.18"]
[Round "1"]
[White "Blutigeroo"]
[Black "boromir"]
[Result "1-0"]
[WhiteElo "1809"]
[BlackElo "1692"]

1. Nf3 Nc6 2. g3 d6 3. Bg2 e5 4. d3 h6 5. O-O Nf6 6. Nc3 Be6 7. e3 Be7 8. Ne2
Bg4 9. Re1 Bxf3 10. Bxf3 Qd7 11. c4 O-O 12. a3 Qh3 13. d4 b6 14. b4 Ng4 15. Bxg4
Qxg4 16. Bb2 Bf6 17. Kg2 Ne7 18. f3 Qg6 19. Qb1 Nf5 20. e4 Ne3+ 21. Kf2 Nxc4 22.
dxe5 dxe5 23. Qa2 b5 24. Bc3 c6 25. Red1 Qg5 26. f4 exf4 27. Nxf4 1-0

[Event "AUTO-ADV-1871"]
[Site "http://www.queenalice.com/game.php?id=820084"]
[Date "2010.8.18"]
[Round "1"]
[White "boromir"]
[Black "Blutigeroo"]
[Result "0-1"]
[WhiteElo "1681"]
[BlackElo "1820"]

1. e4 e5 2. d3 Nf6 3. Bg5 d6 4. h3 Be7 5. Bxf6 Bxf6 6. Nc3 O-O 7. Be2 Nc6 8. Nf3
Be6 9. O-O Ne7 10. Nb5 a6 11. Nc3 c6 12. Qe1 d5 13. Rd1 b5 14. a3 Ng6 15. d4 Qd6
16. dxe5 Nxe5 17. Rd2 Rad8 18. Nb1 Qc7 19. Nc3 Rfe8 20. exd5 cxd5 21. Nd1 Nc6
22. c3 g5 23. Ne3 Be7 24. g4 h5 25. Qb1 hxg4 26. hxg4 Kg7 27. Kg2 Rh8 0-1

[Event "AUTO-ADV-1871"]
[Site "http://www.queenalice.com/game.php?id=820095"]
[Date "2010.8.18"]
[Round "1"]
[White "dladetto"]
[Black "boromir"]
[Result "1-0"]
[WhiteElo "1982"]
[BlackElo "1880"]

1. e4 e5 2. Nf3 d6 3. Bc4 Nf6 4. d3 h6 5. Be3 a6 6. O-O Bg4 7. h3 Bxf3 8. Qxf3
Be7 9. Nc3 O-O 10. Rad1 Nc6 11. a3 Qd7 12. d4 Rad8 13. d5 Na5 14. Ba2 b5 15. b4
Nb7 16. Qe2 c6 17. dxc6 Qxc6 18. Nd5 Qd7 19. f4 Nxe4 20. Qf3 Nf6 21. fxe5 Rc8
22. Nxe7+ Qxe7 23. exf6 gxf6 24. Bxh6 Rfe8 25. Qg4+ Kh7 26. Qg7# 1-0

[Event "AUTO-ADV-1871"]
[Site "http://www.queenalice.com/game.php?id=820096"]
[Date "2010.8.18"]
[Round "1"]
[White "boromir"]
[Black "dladetto"]
[Result "0-1"]
[WhiteElo "1671"]
[BlackElo "1953"]

1. e4 c5 2. Qh5 Nf6 3. Qf3 Nc6 4. d3 Nd4 5. Qd1 g6 6. Be3 Bg7 7. Bxd4 cxd4 8.
Nf3 Qa5+ 9. Nbd2 e5 10. Be2 O-O 11. O-O d6 12. Nc4 Qc7 13. Qd2 Be6 14. Na3 d5
15. Nb5 Qc5 16. c4 dxe4 17. b4 e3 18. fxe3 dxe3 19. Qc3 Qe7 20. Nxe5 a6 21. Na3
Bg4 22. Rae1 Rad8 23. d4 Ne4 24. Qd3 Bxe2 25. Rxe2 Nd2 26. Rfe1 Bxe5 27. Rxe3
Rxd4 28. Qc3 f6 29. Nc2 Rd7 30. Qa3 Nxc4 31. Qb3 Qf7 0-1

[Event "AUTO-ADV-1871"]
[Site "http://www.queenalice.com/game.php?id=820101"]
[Date "2010.8.18"]
[Round "1"]
[White "GreyRaven"]
[Black "boromir"]
[Result "1-0"]
[WhiteElo "1745"]
[BlackElo "1706"]

1. e4 e5 2. Nf3 d6 3. Bc4 Bg4 4. d3 h6 5. O-O a6 6. Bd2 Nc6 7. Nc3 Bxf3 8. Qxf3
Nf6 9. Be3 Be7 10. Nd5 O-O 11. Rad1 b5 12. Nxe7+ Nxe7 13. Bb3 Ng6 14. c3 Qd7 15.
Bxh6 1-0

[Event "AUTO-ADV-1871"]
[Site "http://www.queenalice.com/game.php?id=820102"]
[Date "2010.8.18"]
[Round "1"]
[White "boromir"]
[Black "GreyRaven"]
[Result "0-1"]
[WhiteElo "1722"]
[BlackElo "1729"]

1. e4 d6 2. h3 Nf6 3. d3 g6 4. Bg5 Bg7 5. Bxf6 Bxf6 6. c3 c5 7. Nf3 O-O 8. Be2
Nc6 9. O-O b5 10. Qb3 a6 11. Qd5 Bb7 12. Qb3 Qd7 13. Na3 Na7 14. c4 b4 15. Nc2
a5 16. Nce1 a4 0-1